| 000 | 00448nam a2200121Ia 4500 | ||
|---|---|---|---|
| 008 | 170516s9999 xx 000 0 und d | ||
| 245 | _aEvaluation of pharmaceutical lifesaving skills training oriented pharmaceutical intervention | ||
| 260 | _bJournal of Pharmaceutical Health Care and Sciences | ||
| 260 | _c2016 | ||
| 300 | _a2: | ||
| 650 | _xPharmacy | ||
| 856 | _uhttps://jphcs.biomedcentral.com/articles?query=&volume=2&searchType=&tab=keyword | ||
| 999 |
_c331326 _d331326 |
||